kku e-library facility

Contraceptive Technology 1984-1985 (Record no. 181)

MARC details
000 -LEADER
fixed length control field 00497nam a2200145 4500
005 - DATE AND TIME OF LATEST TRANSACTION
control field 20260227095241.0
008 - FIXED-LENGTH DATA ELEMENTS--GENERAL INFORMATION
fixed length control field 260227b |||||||| |||| 00| 0 eng d
020 ## - INTERNATIONAL STANDARD BOOK NUMBER
International Standard Book Number 0829015477
100 ## - MAIN ENTRY--PERSONAL NAME
Personal name Hatcher A. Robert, Guest Felicia, Stewart Felicia, Stewart K. Gary, Trussell James and Frank Erica
245 ## - TITLE STATEMENT
Title Contraceptive Technology 1984-1985
Statement of responsibility, etc. / Robert A. Hatcher
250 ## - EDITION STATEMENT
Edition statement 12th ed
260 ## - PUBLICATION, DISTRIBUTION, ETC.
Place of publication, distribution, etc. New York;
Name of publisher, distributor, etc. Irvington Publishers, Inc;
Date of publication, distribution, etc. 1984
300 ## - PHYSICAL DESCRIPTION
Extent xv, 304p.ill;
Dimensions 21.4cm
942 ## - ADDED ENTRY ELEMENTS (KOHA)
Source of classification or shelving scheme Library of Congress Classification
Suppress in OPAC No
Koha item type Books

No items available.

©2025 All rights reserved. KKU